000 00793nam a2200229 a 4500
999 _c5331
_d5331
001 5331
003 BD-JhCC
005 20190902134016.0
008 171212s2000 bg ||||| |||| 00| 0 ben d
035 _a(BD-JhCC)5331
040 _aBD-JhCC
_dBD-JhCC
041 _aben
082 _a320.473
_bHAQ 2000
100 _a হক, মোজাম্মেল
245 _aউচ্চ মাধ্যমিক পৌরনীতি প্রথম পত্র একাদশ-দ্বাদশ শ্রেণি /
_cমোঃ মোজাম্মেল হক
260 _aঢাকা :
_bশুভেচ্ছা পাবলিকেশন্,
_c২০০০
300 _a316 p. :
_c28 cm.
600 _aCivics
650 _aCivics
650 _aGood Governance
942 _2ddc
_cBK
_02